Torts (Interference with Goods) Act 1977 (Record no. 84865)

MARC details
000 -LEADER
fixed length control field 01149cab a22002415a 4500
001 - CONTROL NUMBER
control field L159309
008 - FIXED-LENGTH DATA ELEMENTS--GENERAL INFORMATION
fixed length control field 160726e2016 xxk 000 0 eng d
035 ## - SYSTEM CONTROL NUMBER
System control number (Sirsi) u159309
041 0# - LANGUAGE CODE
Language code of text/sound track or separate title eng
100 1# - MAIN ENTRY--PERSONAL NAME
Personal name Thompson, Adrian
245 00 - TITLE STATEMENT
Title Torts (Interference with Goods) Act 1977
260 ## - PUBLICATION, DISTRIBUTION, ETC.
Date of publication, distribution, etc. 2016
490 ## - SERIES STATEMENT
Series statement Letting Update Journal
Volume/sequential designation 24(2) July 2016, 12-14(30
520 ## - SUMMARY, ETC.
Summary, etc. Explains the law and guidance around abandoned goods left by tenants set out in Torts (Interference with Goods) Act 1977. Highlights factors such as interference with goods, tenancy agreement goods, giving tenants the opportunity to collect goods, rights of landlord and agents to sell goods, timescale, correct notices to serve and dealing with proceeds of sale. Defines what is right and reasonable with reference to "Da Rocha-Afodu v Mortgage Express Ltd" 2014 EWCA Div 454.
590 ## - LOCAL NOTE (RLIN)
Local note KA
650 24 - SUBJECT ADDED ENTRY--TOPICAL TERM
Topical term or geographic name entry element TORTS (INTERFERENCE WITH GOODS) ACT 1977
650 24 - SUBJECT ADDED ENTRY--TOPICAL TERM
Topical term or geographic name entry element ABANDONED GOODS
650 24 - SUBJECT ADDED ENTRY--TOPICAL TERM
Topical term or geographic name entry element DA ROCHA-AFODU V MORTGAGE EXPRESS LTD
651 #4 - SUBJECT ADDED ENTRY--GEOGRAPHIC NAME
Geographic name United Kingdom
Chronological subdivision
690 ## - LOCAL SUBJECT ADDED ENTRY--TOPICAL TERM (OCLC, RLIN)
Topical term or geographic name as entry element Landlord and tenant
9 (RLIN) 6252
690 ## - LOCAL SUBJECT ADDED ENTRY--TOPICAL TERM (OCLC, RLIN)
Topical term or geographic name as entry element Property management
9 (RLIN) 6262
942 ## - ADDED ENTRY ELEMENTS (KOHA)
Suppress in OPAC 0
Holdings
Withdrawn status Lost status Source of classification or shelving scheme Damaged status Not for loan Home library Current library Shelving location Date acquired Total Checkouts Full call number Barcode Date last seen Copy number Price effective from Koha item type
    Dewey Decimal Classification     London London Journals 26/07/2016   L159309 159309-1001 06/08/2019 1 06/08/2019 Journal article